000 00688nam a2200229 a 4500
008 960514s1986||||[C 0 slo c
020 _c25 Kčs.
_q(10 000 výtl.)
040 _aSNK
_bslo
_cSNK
_eAACR2
041 1 _aslo
044 _axo
_cSK
080 _a787.61.087.5
100 1 _aZsapka, Jozef
_4aut
245 1 0 _aGitarové akordy a značky pre samoukov
_hHudobnina
_cJozef Zsapka ; Peter Danay
250 _a1., vyd.
260 _aBratislava
_bOpus [vyd.]
_c1986
_ePartizánske
_fZápadoslovenské tlačiarne
300 _a43 s.
_c21x30 cm
500 _aHudobnina. Úvod. Vysvetl.
500 _aOb. Peter Danay.
700 1 _aDanay, Peter
_4oth
924 _agitara
958 _aH
999 _c15221
_d15221